| 000 | 01987cam a22003011 4500 | ||
|---|---|---|---|
| 001 | gs 46000037 | ||
| 003 | DLC | ||
| 005 | 20260227111351.0 | ||
| 008 | 790118s1942 xx 000 0 eng | ||
| 010 | _ags 46000037 | ||
| 035 | _a(OCoLC)4560569 | ||
| 040 |
_aDLC _cOU _dOU _dDLC |
||
| 042 | _apremarc | ||
| 050 | 0 | 0 |
_aTA7 _b.O4 no. 52 |
| 082 | _a628.1 | ||
| 100 | 1 |
_aSmith, Otto Mitchell, _d1884- [from old catalog] |
|
| 245 | 1 | 4 |
_aThe chemical analyses of the waters of Oklahoma; _c[Contributors]: Robert H. Dott and E. C. Warkentin. |
| 260 |
_aStillwater, Okla., _bEngineering Experiment Station, Oklahoma Agricultural and Mechanical College, _c[1942] |
||
| 300 |
_axxii, 474 p. _bill., maps (1 fold.) diagrs., tables. _c23 cm. |
||
| 490 | 1 |
_aOklahoma. Agricultural and Mechanical College. Engineering Experiment Station. Publication _vno. 52 |
|
| 490 | 1 |
_aOklahoma. Agricultural and Mechanical College. Division of Engineering. Publication, _vv. 12, no. 1 |
|
| 501 |
_aWith : Spherical transformation charts for selecting and identifying stars for field observations / Clarence Edward S. Bardsley -- Logic of technology, Part 1-2 / Nicholas M. Oboukhoff -- Relations of technology to humanism in Goethe's Faust and in the works of Saint-Simon / Nicholas M. Oboukhoff -- How to build your own home of earth / John Edward Kirkham -- A method of successive appropriations in electrical design, Part 2 / Nicholas M. Oboukhoff -- Oklahoma manufacturers / H. G. Thuesen. Stillwater, Okla.: Engineering Experiment Station, Oklahoma Agricultural and Mechanical College, 1941-1945. Bound together subsequent to publication. _5DLC |
||
| 504 | _aIncludes bibliographical references. | ||
| 650 | 0 |
_aWater-supply _zOklahoma. |
|
| 650 | 0 |
_aWater _xComposition. |
|
| 810 | 2 |
_aOklahoma State University. _bOffice of Engineering Research and Engineering Experiment Station. _tPublication ; _vno 52. |
|
| 810 | 2 |
_aOklahoma State University. _bCollege of Engineering. _tPublication ; _vv. 12, no 1. |
|
| 999 |
_c28062 _d28062 |
||